K-pop Quiz #3 - Statistics

General Stats
  • This quiz has been taken 60 times
  • The average score is 9 of 16
Answer Stats
Picture Answer % Correct
New Jeans
98%
Le sserafim
89%
Nct Dream
85%
Ateez
76%
Babymonster
76%
Super Junior
70%
Billlie
65%
TWS
59%
Unis
57%
Treasure
54%
Sistar
39%
SuperM
39%
TVXQ
37%
Momoland
30%
AOA
24%
ARrC
11%
No matching quizzes found
Score Distribution
Percent of People with Each Score
Percentile by Number Answered
Your Score History
You have not taken this quiz